Les Benjamin célèbres - Statistiques

Statistiques générales
  • Ce quiz a été pris 175 fois
  • Le résultat moyen est 5 sur 16
Statistiques - réponses
Par images Réponse % Correct
Benjamin Castaldi
87%
Benjamin Pavard
87%
Benjamin Franklin
79%
Benjamin Biolay
73%
Benjamin Mendy
68%
Benjamin Verrecchia
42%
Saint Benjamin
27%
Benjamin Duhamel
23%
Benjamin Griveaux
15%
Benjamin Millepied
9%
Benjamin Constant
6%
Benjamin Morgaine
6%
Benjamin Bratt
1%
Benjamin Christensen
0%
Benjamin de Rothschild
0%
Benjamin Rabier
0%
Aucun quiz correspondant
Distribution des résultats
% des personnes avec chaque résultat
Percentile par nombre de réponses
Votre historique - résultats
Vous n’avez pas pris ce quiz